Statistics for F1 Winners: Home Grand Prix Wins

Click here to take the quiz!

General Stats

  • This quiz has been taken 147 times
    (7 since last reset)
  • The average score is 27 of 35

Answer Stats

Grand PrixSeason(s)WinsDriver% Correct
French1981, 1983, 1988, 1989, 1990, 19936Alain Prost
100%
Italian1951, 19522Alberto Ascari
100%
Brazilian1991, 19932Ayrton Senna
100%
Monaco20241Charles Leclerc
100%
Brazilian1973, 19742Emerson Fittipaldi
100%
Brazilian2006, 20082Felipe Massa
100%
Spanish2006, 20132Fernando Alonso
100%
Italian19501Giuseppe Farina
100%
Argentine1954, 1955, 1956, 19574Juan Manuel Fangio
100%
British2008, 2014, 2015, 2016, 2017, 2019, 2020, 20218Lewis Hamilton
100%
Dutch2021, 20222Max Verstappen
100%
German1995, 2002, 2004, 20064Michael Schumacher
100%
Brazilian1983, 19862Nelson Piquet
100%
German20141Nico Rosberg
100%
British1986, 1987, 1991, 19924Nigel Mansell
100%
German20131Sebastian Vettel
100%
Canadian19781Gilles Villeneuve
86%
British1969, 19712Jackie Stewart
86%
British1962, 1963, 1964, 1965, 19675Jim Clark
86%
South African19751Jody Scheckter
86%
US West19771Mario Andretti
86%
Austrian19841Niki Lauda
86%
German20011Ralf Schumacher
86%
British19941Damon Hill
71%
British1999, 20002David Coulthard
71%
British1955, 19572Stirling Moss
71%
British19811John Watson
57%
French19821René Arnoux
57%
British19951Johnny Herbert
43%
Brazilian19751Carlos Pace
29%
British19771James Hunt
29%
French19791Jean-Pierre Jabouille
29%
Italian19661Ludovico Scarfiotti
29%
British19571Tony Brooks
29%
British19581Peter Collins
14%

Score Distribution

Percentile by Number Answered

Percent of People with Each Score

Your Score History

You have not taken this quiz since the last reset